| 000 | 00821nam a22003377a 4500 | ||
|---|---|---|---|
| 005 | 20240307162704.0 | ||
| 008 | 151006b xxu||||| |||| 00| 0 spa d | ||
| 020 | _a9789587621594 | ||
| 041 | _aESP | ||
| 082 | _a658.8 R621c | ||
| 100 |
_aRiveros Tovar, Paula _91003 |
||
| 245 | _aCoolhunting y tendencias, a la cacería de ideas geniales para innovación | ||
| 260 | _aColombia | ||
| 260 | _bEdiciones de la U | ||
| 260 | _c2013 | ||
| 300 | _a152 páginas | ||
| 650 | _aMERCADOTECNIA | ||
| 650 | _aCOOLHUNTING | ||
| 650 | _aINNOVACIÓN | ||
| 650 | _aOPINIONES | ||
| 650 | _aENTREVISTAS | ||
| 650 | _aMEDIOS SOCIALES | ||
| 650 | _aREDES SOCIALES | ||
| 650 | _aMARCA | ||
| 650 | _aPRODUCTOS | ||
| 650 | _aSERVICIOS | ||
| 942 |
_cBK _2ddc |
||
| 999 |
_c7253 _d7253 |
||